Dog Breeds by Picture: AKC Hound Group - Statistics

General Stats
  • This quiz has been taken 100 times
  • The average score is 16 of 32
Answer Stats
Picture Answer % Correct
Beagle
92%
Whippet
86%
Basset Hound
83%
Bloodhound
83%
Dachshund
80%
Greyhound
80%
Afghan Hound
79%
Irish Wolfhound
76%
Borzoi
65%
Basenji
62%
Saluki
62%
Rhodesian Ridgeback
61%
Bluetick Coonhound
47%
Pharaoh Hound
47%
Scottish Deerhound
47%
Norwegian Elkhound
42%
Ibizan Hound
38%
Azawakh
36%
Otterhound
36%
Redbone Coonhound
36%
Treeing Walker Coonhound
35%
Black and Tan Coonhound
33%
American Foxhound
32%
English Foxhound
32%
Harrier
30%
Sloughi
30%
American English Coonhound
27%
Plott Hound
26%
Grand Basset Griffon Vendéen
24%
Petit Basset Griffon Vendéen
24%
Cirneco Dell'Etna
21%
Portuguese Podengo Pequeno
21%
No matching quizzes found
Score Distribution
Percent of People with Each Score
Percentile by Number Answered
Your Score History
You have not taken this quiz